Napoli 2020's Starting XI - Statistics

General Stats
  • This quiz has been taken 4,108 times
    99 since last reset
  • The average score is 24 of 31
Answer Stats
Player % Correct
Khvicha Kvaratskhelia
96%
Victor Osimhen
96%
Scott McTominay
92%
Alex Meret
89%
Piotr Zielinski
89%
Kalidou Koulibaly
88%
Romelu Lukaku
88%
Dries Mertens
87%
Kim Min-jae
87%
Rasmus Højlund
85%
Hirving Lozano
84%
A. Zambo Anguissa
83%
David Ospina
83%
Mário Rui
83%
Stanislav Lobotka
83%
Lorenzo Insigne
81%
Fabian Ruiz
80%
Giovanni Di Lorenzo
79%
Kostas Manolas
79%
Vanja Milinković-Savić
78%
Matteo Politano
76%
Amir Rrahmani
74%
José Callejon
71%
Elif Elmas
70%
Allan
69%
Elseid Hysaj
69%
Juan Jesus
67%
Mathías Olivera
64%
Alessandro Buongiorno
57%
Leonardo Spinazzola
52%
Tiemoué Bakayoko
46%
No matching quizzes found
Score Distribution
Percent of People with Each Score
Percentile by Number Answered
Your Score History
You have not taken this quiz since the last reset